Literary essays:writing about reading (Record no. 25958)

MARC details
000 -LEADER
fixed length control field 00791nam a22002297a 4500
003 - CONTROL NUMBER IDENTIFIER
control field OSt
005 - DATE AND TIME OF LATEST TRANSACTION
control field 20260702124740.0
008 - FIXED-LENGTH DATA ELEMENTS--GENERAL INFORMATION
fixed length control field 260702b |||||||| |||| 00| 0 eng d
020 ## - INTERNATIONAL STANDARD BOOK NUMBER
International Standard Book Number 978-0-325-00865-3
040 ## - CATALOGING SOURCE
Transcribing agency Chuka University Library
050 ## - LIBRARY OF CONGRESS CALL NUMBER
Classification number LB 1576
Item number .C35 2006
100 ## - MAIN ENTRY--PERSONAL NAME
Personal name Calkins Lucy
9 (RLIN) 27666
245 ## - TITLE STATEMENT
Title Literary essays:writing about reading
260 ## - PUBLICATION, DISTRIBUTION, ETC.
Place of publication, distribution, etc. New York
Name of publisher, distributor, etc. Firsthand
Date of publication, distribution, etc. 2006
300 ## - PHYSICAL DESCRIPTION
Extent 206
Other physical details Illustrations
650 ## - SUBJECT ADDED ENTRY--TOPICAL TERM
Topical term or geographic name entry element English language composition and exercises study and teaching(elementary)
9 (RLIN) 32689
650 ## - SUBJECT ADDED ENTRY--TOPICAL TERM
Topical term or geographic name entry element Essay study and teaching(elementary)
9 (RLIN) 32690
650 ## - SUBJECT ADDED ENTRY--TOPICAL TERM
Topical term or geographic name entry element Language arts study and teaching
9 (RLIN) 30923
650 ## - SUBJECT ADDED ENTRY--TOPICAL TERM
Topical term or geographic name entry element Reading comprehension study and teaching (elementary)
650 ## - SUBJECT ADDED ENTRY--TOPICAL TERM
Topical term or geographic name entry element Children books and reading
9 (RLIN) 27881
942 ## - ADDED ENTRY ELEMENTS (KOHA)
Source of classification or shelving scheme Library of Congress Classification
Koha item type Long Loan Books
Suppress in OPAC No
Holdings
Withdrawn status Lost status Source of classification or shelving scheme Damaged status Not for loan Collection Home library Current library Shelving location Date acquired Source of acquisition Cost, normal purchase price Total Checkouts Full call number Barcode Date last seen Copy number Price effective from Koha item type
    Library of Congress Classification     General Collection Books Main Campus Library Main Campus Library General Stacks 02/07/2026 Donations from books for Africa 2692.00   LB 1576 .C35 2006 37050 02/07/2026 3 02/07/2026 Long Loan Books
    Library of Congress Classification     General Collection Books Main Campus Library Main Campus Library General Stacks 02/07/2026 Donations from books for Africa 2692.00   LB 1576 .C35 2006 37048/2026 02/07/2026 1 02/07/2026 Long Loan Books
    Library of Congress Classification     General Collection Books Main Campus Library Main Campus Library General Stacks 02/07/2026 Donations from books for Africa 2692.00   LB 1576 .C35 2006 37049/2026 02/07/2026 2 02/07/2026 Long Loan Books

Powered by Koha